00346nam a2200133Ia 4500003000400000008004100004040001600045082001500061100001900076245004500095260004600140300001000186650001600196GCL140319s9999 xx 000 0 eng d aGCL / cGCL04a616.5bE C1 aEPSTEIN, ERNST10aCOMMON SKIN DISORDERS / cEPSTEIN, ERNST a[S.N] : bW.B. SAUNDERS COMPANY ، c1994 a127 P04aDERMATOLOGY